Sivákovo prekvapenie zlomilo Košice druhý zápas semifinále play-off hokejovej Slovnaft extraligy

Bibliographic Details
Format: Article
Language:Slovak
PhysicalDescription:Fotogr., tab.
ISSN:0139-7001
Subjects:

MARC

LEADER 00000nab a2200000 ar4500
001 vtls009488589
003 SK-MaSNL
005 20260303044841.0
008 090331c20090320xo sr|p|||||||000 b|slo
015 |a SNBRB2009/05  |2 snkbucl 
038 |a SNKBUCL 
040 |a SNKBUCL  |b slo  |c SNKBUCL  |e AACR2 
041 0 |a slo 
044 |a xo  |c SK 
080 |a 796.966.093.1  |2 2001 
245 0 0 |a Sivákovo prekvapenie zlomilo Košice  |b druhý zápas semifinále play-off hokejovej Slovnaft extraligy 
300 |b Fotogr., tab. 
648 7 |a sezóna 2008/2009  |2 snkbucl  |9 1033714 
650 0 7 |a ľadový hokej  |2 snkbucl  |9 3231 
650 0 7 |a extraliga  |2 snkbucl  |9 18992 
650 0 7 |a semifinále play-off  |2 snkbucl  |9 1033220 
650 0 7 |a druhý zápas  |2 snkbucl  |9 1034553 
773 0 |t Šport  |g Roč. 63, č. 66 (20.3.2009), s. 8-9  |x 0139-7001 
852 |a SNK  |b KIS3GCP 
999 |c 1701725  |d 1703655